000
00303nam a22001337a 4500
008
181122b xxu||||| |||| 00| 0 eng d
020
_a
0070170134
041
_a
eng
080
_2
3rd
_a
615
100
_a
5
101
_a
FAR
245
_a
Basic Pharmacology in Medicine
_c
DiPalma,J.R
942
_2
udc
_c
BK
999
_c
52349
_d
52349